AGRICULTURAL METOROLOGY (Record no. 217004)

MARC details
000 -LEADER
fixed length control field 00468nam a22001697a 4500
008 - FIXED-LENGTH DATA ELEMENTS--GENERAL INFORMATION
fixed length control field 260420b |||||||| |||| 00| 0 eng d
020 ## - INTERNATIONAL STANDARD BOOK NUMBER
International Standard Book Number 978-81-203-3338-3
050 ## - LIBRARY OF CONGRESS CALL NUMBER
Classification number S 600 .R36 2025
100 ## - MAIN ENTRY--PERSONAL NAME
Personal name RAO,PRASADA
245 ## - TITLE STATEMENT
Title AGRICULTURAL METOROLOGY
260 ## - PUBLICATION, DISTRIBUTION, ETC.
Place of publication, distribution, etc. DELHI
Name of publisher, distributor, etc. PUSHPITA GHOSH
Date of publication, distribution, etc. 2025
300 ## - PHYSICAL DESCRIPTION
Extent XIX,364P ILL
500 ## - GENERAL NOTE
General note INCLUDES BIBLOGRAPHIC DESCRIPTIONS INDEX
650 ## - SUBJECT ADDED ENTRY
Topical term or geographic name entry element AGRICULTURAL METEOROLOGY
942 ## - ADDED ENTRY ELEMENTS (KOHA)
Source of classification or shelving scheme Library of Congress Classification
Koha item type Long Loan Book
Holdings
Withdrawn status Lost status Source of classification or shelving scheme Damaged status Not for loan Collection Home library Current library Shelving location Date acquired Inventory number Total checkouts Full call number Barcode Date last seen Price effective from Koha item type
    Library of Congress Classification     Science & Technology Kisii University Library Kisii University Library On Display 04/20/2026 113080   S 600 .R36 2025 a001916 04/20/2026 04/20/2026 Long Loan Book
    Library of Congress Classification     Science & Technology Kisii University Library Kisii University Library On Display 04/20/2026 113081   S 600 .R36 2025 a001915 04/20/2026 04/20/2026 Long Loan Book
    Library of Congress Classification     Science & Technology Kisii University Library Kisii University Library On Display 04/20/2026 113082   S 600 .R36 2025 a001917 04/20/2026 04/20/2026 Long Loan Book
    Library of Congress Classification     Science & Technology Kisii University Library Kisii University Library On Display 04/20/2026 113083   S 600 .R36 2025 a001918 04/20/2026 04/20/2026 Long Loan Book